Fr. Conceicao Rodrigues College of Engineering

8051 Microcontroller (Record no. 23780)

MARC details
000 -LEADER
fixed length control field 00327nam a2200157Ia 4500
082 ## - DEWEY DECIMAL CLASSIFICATION NUMBER
Classification number 4.16
Item number CAL
100 ## - MAIN ENTRY--PERSONAL NAME
Personal name Calcutt/David/ Cowan/Fred
245 ## - TITLE STATEMENT
Title 8051 Microcontroller
260 ## - PUBLICATION, DISTRIBUTION, ETC.
Name of publisher, distributor, etc. Elsevier
Date of publication, distribution, etc. 2004
366 ## - TRADE AVAILABILITY INFORMATION
Publishers's discount category 25
300 ## - PHYSICAL DESCRIPTION
Extent 408
546 ## - LANGUAGE NOTE
Language note ENGLISH
650 ## - SUBJECT ADDED ENTRY--TOPICAL TERM
Topical term or geographic name entry element Microcontroller
654 ## - SUBJECT ADDED ENTRY--FACETED TOPICAL TERMS
Focus term 8051
942 ## - ADDED ENTRY ELEMENTS (KOHA)
Koha item type BOOK
Holdings
Withdrawn status Lost status Damaged status Not for loan Collection Home library Current library Date acquired Source of acquisition Cost, normal purchase price Inventory number Total Checkouts Full call number Barcode Date last seen Cost, replacement price Price effective from Koha item type
        CRC Fr. Agnel's C.Rodrigues College of Engineering Fr. Agnel's C.Rodrigues College of Engineering 17/03/2023 Dharma Enterprises 221.25 1467 dt 29/07/2009   4.16 CAL 19860 17/03/2023 295.00   BOOK